[Event "World Rapid 2023"]
[Site "Samarkand UZB"]
[Date "2023.12.27"]
[EventDate "2023.12.26"]
[Round "9.80"]
[Result "1-0"]
[White "Johan-Sebastian Christiansen"]
[Black "Akmal Fayzullaev"]
[WhiteElo "2618"]
[BlackElo "2367"]
[PlyCount "56"]

1. e4 c6 2. d4 d5 3. Nd2 dxe4 4. Nxe4 Nf6 5. Nxf6+ exf6 6. c3 Bd6 7. Bd3 O-O 8.
Qc2 Re8+ 9. Ne2 h6 10. O-O Qc7 11. h3 Nd7 12. Bd2 Nf8 13. Rae1 Bd7 14. c4 Ne6
15. c5 Bf8 16. Be3 Rad8 17. Bc4 Qc8 18. Ng3 Nc7 19. Bxh6 gxh6 20. Qg6+ Kh8 21.
Bxf7 Bg7 22. Nh5 Rg8 23. Nxg7 Rxg7 24. Qxh6+ Rh7 25. Qxf6+ Rg7 26. Re4 Bf5 27.
Rh4+ Bh7 28. Rxh7+ 1-0

[Event "World Rapid 2023"]
[Site "Samarkand UZB"]
[Date "2023.12.27"]
[EventDate "2023.12.26"]
[Round "9.81"]
[Result "0-1"]
[White "David Akhmedov"]
[Black "Renato Terry"]
[WhiteElo "2244"]
[BlackElo "2522"]
[PlyCount "176"]

1. c4 e5 2. Nc3 Nc6 3. g3 g6 4. Bg2 Bg7 5. e3 d6 6. Nge2 h5 7. h3 h4 8. g4 f5 9.
gxf5 Bxf5 10. d3 Qd7 11. a3 Nge7 12. b4 Be6 13. Ne4 Nd8 14. Bb2 Nf7 15. Rc1 O-O
16. d4 b6 17. dxe5 dxe5 18. Qxd7 Bxd7 19. O-O Rad8 20. N2c3 c6 21. c5 b5 22. Nd6
Ng5 23. Kh2 Nf3+ 24. Kh1 g5 25. Rcd1 Be6 26. Nce4 Bh6 27. Bxf3 Rxf3 28. Nf7 Kxf7
29. Rxd8 Ng6 30. Nd6+ Kg7 31. Kg2 g4 32. Re8 Bd5 33. hxg4 Rxe3+ 34. Kg1 Re2 35.
Ba1 Bf4 36. Nf5+ Kf7 37. Rd8 h3 38. Rxd5 cxd5 39. c6 Ke6 40. Rd1 Rc2 41. Bd4
Rxc6 42. Bc5 Rc8 43. Ng7+ Kf7 44. Nf5 h2+ 45. Kh1 Ke6 46. Ng7+ Kf6 47. Nh5+ Kg5
48. Rxd5 Kxg4 49. Nxf4 exf4 50. Kxh2 Nh4 51. Rd7 a6 52. Kg1 Re8 53. Kf1 Nf3 54.
Kg2 Ne1+ 55. Kf1 Nc2 56. Rd3 Re1+ 57. Kg2 Re2 58. Rd6 f3+ 59. Kh2 Nxa3 60. Rg6+
Kf4 61. Rf6+ Kg4 62. Rg6+ Kf4 63. Rf6+ Ke4 64. Kg3 Nc4 65. Rxf3 Re1 66. Rf6 Rg1+
67. Kh2 Ra1 68. f3+ Kd5 69. Rf5+ Ke6 70. Rf8 Ra3 71. Kg3 Ne5 72. Kg2 Nd3 73.
Re8+ Kd7 74. Re7+ Kc6 75. Ba7 Nxb4 76. Re6+ Kd5 77. Re8 Nc6 78. Bb6 b4 79. f4 b3
80. Re1 b2 81. Rb1 Rb3 82. Bc7 Ke4 83. f5 Kxf5 84. Kf2 Nd4 85. Ke1 Nb5 86. Kd2
Na3 87. Rf1+ Ke6 88. Re1+ Kd7 0-1

[Event "World Rapid 2023"]
[Site "Samarkand UZB"]
[Date "2023.12.27"]
[EventDate "2023.12.26"]
[Round "9.82"]
[Result "1-0"]
[White "Mamikon Gharibyan"]
[Black "Kanan Garayev"]
[WhiteElo "2504"]
[BlackElo "2356"]
[PlyCount "74"]

1. d4 d5 2. c4 e6 3. Nc3 c5 4. e3 Nf6 5. Nf3 a6 6. a3 dxc4 7. Bxc4 b5 8. Bd3 Bb7
9. dxc5 Bxc5 10. O-O O-O 11. e4 Nbd7 12. Bf4 Ng4 13. h3 Ngf6 14. e5 Nd5 15. Nxd5
Bxd5 16. Bxh7+ Kxh7 17. Ng5+ Kg6 18. Qd3+ f5 19. Qg3 Qb6 20. Rad1 Qc6 21. Rfe1
Rg8 22. Rc1 Qb6 23. Nxe6+ Kf7 24. Nxc5 Nxc5 25. Be3 Rac8 26. b4 Ne4 27. Bxb6
Nxg3 28. fxg3 Rxc1 29. Rxc1 Ke6 30. Bd4 Bc4 31. Kf2 Rd8 32. Ke3 g5 33. Rd1 Bd5
34. Rd2 Rc8 35. h4 f4+ 36. gxf4 gxh4 37. Bb6 Rc3+ 1-0

[Event "World Rapid 2023"]
[Site "Samarkand UZB"]
[Date "2023.12.27"]
[EventDate "2023.12.26"]
[Round "9.83"]
[Result "1/2-1/2"]
[White "Sergey Sklokin"]
[Black "Ramazan Zhalmakhanov"]
[WhiteElo "1780"]
[BlackElo "2493"]
[PlyCount "218"]

1. e4 c5 2. Nf3 g6 3. Be2 Bg7 4. O-O Nc6 5. c3 Nf6 6. e5 Nd5 7. d4 cxd4 8. cxd4
O-O 9. Nc3 Nxc3 10. bxc3 d6 11. exd6 Qxd6 12. Be3 b6 13. Qd2 Bb7 14. Rfd1 Na5
15. Rac1 Rac8 16. c4 Bxf3 17. c5 Qe6 18. gxf3 Qd5 19. f4 Rfd8 20. Bf1 e6 21. Bg2
Qf5 22. Qe2 Bh6 23. Qf3 Bf8 24. Bh3 Qd5 25. Qxd5 Rxd5 26. Bg2 Rdd8 27. cxb6 axb6
28. d5 Nc4 29. dxe6 Rxd1+ 30. Rxd1 Nxe3 31. exf7+ Kxf7 32. fxe3 Rc2 33. Rd7+ Ke6
34. Bh3+ Kf6 35. e4 Bc5+ 36. Kh1 Rc1+ 37. Kg2 Rc2+ 38. Kh1 Rc1+ 39. Kg2 Rc2+ 40.
Kg3 Rc3+ 41. Kg2 Rc2+ 42. Kg3 Rc3+ 43. Kg2 Be7 44. e5+ Kf7 45. Bg4 Rc2+ 46. Kg3
Rxa2 47. Rb7 Ra3+ 48. Bf3 Rb3 49. Kg2 Rb2+ 50. Kg3 Rb3 51. Kg2 Rb2+ 52. Kh1 Rb1+
53. Kg2 Rb2+ 54. Kg3 Rb3 55. Kg2 Rb2+ 56. Kh3 Kf8 57. Bd5 Rb4 58. Kg3 Rd4 59.
Be6 Rd3+ 60. Kg2 Rd4 61. Kf3 Rb4 62. h4 h5 63. Bd5 Rd4 64. Be4 Bxh4 65. Bxg6 Rb4
66. f5 Bg5 67. f6 Rf4+ 68. Ke2 Bxf6 69. Rf7+ Kg8 70. exf6 h4 71. Ke3 Rg4 72.
Rg7+ Kf8 73. Kf3 Rg1 74. Kf4 h3 75. Rf7+ Kg8 76. Rg7+ Kf8 77. Rf7+ Kg8 78. Rg7+
Kf8 79. Rf7+ Kg8 80. Rg7+ Kf8 81. Kf5 h2 82. Rf7+ Kg8 83. Rg7+ Kf8 84. Rf7+ Kg8
85. Rb7 Rf1+ 86. Ke5 Re1+ 87. Kf5 Rf1+ 88. Ke6 Re1+ 89. Kd7 Rd1+ 90. Ke6 Re1+
91. Kd6 Rd1+ 92. Ke5 Re1+ 93. Kd4 Rd1+ 94. Kc3 Rc1+ 95. Kd2 Rd1+ 96. Ke2 Re1+
97. Kd3 Rd1+ 98. Kc4 Rc1+ 99. Kd4 Rd1+ 100. Ke5 Re1+ 101. Kf4 Rf1+ 102. Ke5 Re1+
103. Kd6 Rd1+ 104. Ke7 Re1+ 105. Kd6 Rd1+ 106. Ke5 Re1+ 107. Kd4 Rd1+ 108. Kc3
Rc1+ 109. Kb2 1/2-1/2

[Event "World Rapid 2023"]
[Site "Samarkand UZB"]
[Date "2023.12.27"]
[EventDate "2023.12.26"]
[Round "9.84"]
[Result "1-0"]
[White "Artem Pingin"]
[Black "Lev Zverev"]
[WhiteElo "2419"]
[BlackElo "2343"]
[PlyCount "98"]

1. d4 Nf6 2. c4 e6 3. Nf3 d5 4. g3 Bb4+ 5. Bd2 Be7 6. Bg2 c6 7. Qc2 O-O 8. O-O
b6 9. Bf4 Ba6 10. Ne5 Nfd7 11. Nxd7 Nxd7 12. Nd2 Rc8 13. Rfd1 c5 14. Qa4 Bb7 15.
Qxa7 Bc6 16. cxd5 exd5 17. dxc5 g5 18. Bd6 bxc5 19. Bxe7 Qxe7 20. Qa6 Ne5 21. e3
d4 22. exd4 Bxg2 23. dxe5 Bc6 24. Qe2 Qe6 25. Nc4 Rcd8 26. b3 Rd4 27. Rxd4 cxd4
28. Qd2 Qf5 29. f3 h6 30. Rf1 Rd8 31. g4 Qe6 32. Qd3 h5 33. Qf5 Qxf5 34. gxf5
Bd5 35. Nb6 Bc6 36. Kf2 d3 37. Rd1 Rd4 38. Nc4 Bd5 39. Ne3 Bc6 40. Rc1 Bb7 41.
Rc7 Ba6 42. Ra7 Bb5 43. a4 Bd7 44. Ra6 Rh4 45. Rd6 Rxh2+ 46. Kg1 Re2 47. Rxd7
Re1+ 48. Kf2 Re2+ 49. Kg3 Re1 1-0

[Event "World Rapid 2023"]
[Site "Samarkand UZB"]
[Date "2023.12.27"]
[EventDate "2023.12.26"]
[Round "9.85"]
[Result "1-0"]
[White "Gianmarco Leiva"]
[Black "Sumiya Chinguun"]
[WhiteElo "2398"]
[BlackElo "2319"]
[PlyCount "108"]

1. d4 Nf6 2. Nf3 g6 3. Nc3 d5 4. Bf4 Bg7 5. Nb5 Na6 6. e3 Ne4 7. Nd2 Nxd2 8.
Qxd2 c6 9. Nc3 Nc7 10. a4 a5 11. Bd3 Ne6 12. Bg3 O-O 13. Ne2 Qb6 14. c3 c5 15.
Ra2 Bd7 16. O-O Rfc8 17. h3 Ng5 18. Nf4 c4 19. Nxd5 Qe6 20. Nf4 Qc6 21. d5 Qb6
22. Bc2 h5 23. Rd1 Rd8 24. e4 e5 25. Ne2 Bh6 26. Qe1 Bxh3 27. Bxe5 Re8 28. Bd4
Qd8 29. f4 Nxe4 30. gxh3 Bxf4 31. Nxf4 Qg5+ 32. Ng2 Qxd5 33. Qh4 Ng5 34. Be3
Nf3+ 35. Kf2 Nxh4 36. Rxd5 Nxg2 37. Bd2 Nh4 38. Ra1 Re6 39. Re1 Rf6+ 40. Kg3 Nf3
41. Rf1 h4+ 42. Kg2 Re8 43. Bd1 Rf5 44. Bxf3 Rxd5 45. Bxd5 Rd8 46. Bxf7+ Kg7 47.
Be3 b6 48. Bxc4 g5 49. Bd4+ Kg6 50. Bd3+ Kh5 51. Rf7 g4 52. Rh7+ Kg5 53. Rg7+
Kh6 54. Rg6+ 1-0

[Event "World Rapid 2023"]
[Site "Samarkand UZB"]
[Date "2023.12.27"]
[EventDate "2023.12.26"]
[Round "9.86"]
[Result "1-0"]
[White "Arystanbek Urazayev"]
[Black "Roman Shogdzhiev"]
[WhiteElo "2472"]
[BlackElo "1901"]
[PlyCount "140"]

1. e4 c5 2. Nf3 d6 3. d4 cxd4 4. Nxd4 Nf6 5. Nc3 a6 6. Rg1 e5 7. Nb3 Be6 8. g4
d5 9. exd5 Nxd5 10. Nxd5 Qxd5 11. Qxd5 Bxd5 12. Be3 Nc6 13. O-O-O Bf3 14. Rd2
Rd8 15. Rxd8+ Nxd8 16. Rg3 Bd5 17. c4 Be6 18. Bb6 Nc6 19. Nc5 Bxc5 20. Bxc5 Kd7
21. Bb6 Rc8 22. b3 Ke7 23. g5 Nb8 24. Kb2 Nd7 25. Ba5 b6 26. Bc3 Rd8 27. Kc1 Kd6
28. Rd3+ Ke7 29. h4 f6 30. Rg3 Kf7 31. gxf6 gxf6 32. Bd3 Nf8 33. h5 Rd7 34. Bc2
Ke8 35. Be4 Kf7 36. a4 Rc7 37. Kb2 a5 38. Bc2 Ke8 39. h6 Rd7 40. c5 bxc5 41.
Bxa5 Ng6 42. Bb6 Rd2 43. Kc1 Rxf2 44. Bxg6+ hxg6 45. Rh3 Rf1+ 46. Kb2 Rf2+ 47.
Ka3 Bg8 48. h7 Bxh7 49. Rxh7 g5 50. a5 Rf1 51. Bxc5 g4 52. Kb4 f5 53. a6 g3 54.
a7 Ra1 55. Rh8+ Kf7 56. a8=Q Rxa8 57. Rxa8 f4 58. Kc3 Ke6 59. Kd3 Kf5 60. Rf8+
Kg4 61. Ke4 g2 62. Kxe5 f3 63. Bf2 Kh3 64. Rxf3+ Kh2 65. Rf8 g1=Q 66. Bxg1+ Kxg1
67. b4 Kg2 68. b5 Kg3 69. b6 Kg4 70. b7 Kg3 1-0

[Event "World Rapid 2023"]
[Site "Samarkand UZB"]
[Date "2023.12.27"]
[EventDate "2023.12.26"]
[Round "9.88"]
[Result "0-1"]
[White "Gallego Alcaraz, Andres Felipe"]
[Black "Saidakbar Saydaliev"]
[WhiteElo "2486"]
[BlackElo "2426"]
[PlyCount "82"]

1. d4 Nf6 2. Nf3 d5 3. c4 e6 4. g3 Bb4+ 5. Bd2 a5 6. Bg2 dxc4 7. O-O O-O 8. a4
c6 9. Na3 b5 10. Qc2 Bxa3 11. bxa3 Nbd7 12. e4 h6 13. Rfd1 Nb6 14. Ne5 Bb7 15.
Rab1 Qe8 16. Be3 Nxa4 17. Nxc4 Qe7 18. Bf4 Rfd8 19. e5 Nd5 20. Bxd5 Rxd5 21. Nd6
Nb6 22. Rdc1 Nc4 23. Nxb7 Nxa3 24. Qxc6 Nxb1 25. Rxb1 a4 26. Nc5 Qe8 27. Qxe8+
Rxe8 28. Rxb5 Ra8 29. Be3 a3 30. Rb1 a2 31. Ra1 Rdd8 32. Kf1 Rdb8 33. Kg2 Rb1
34. Rxa2 Rxa2 35. h4 Re1 36. Kf3 Ra3 37. Ne4 Kf8 38. Nc5 Ke7 39. Kf4 f6 40.
exf6+ gxf6 41. Ne4 Raxe3 0-1

[Event "World Rapid 2023"]
[Site "Samarkand UZB"]
[Date "2023.12.28"]
[EventDate "2023.12.26"]
[Round "10.4"]
[Result "1-0"]
[White "Pouya Idani"]
[Black "Teimour Radjabov"]
[WhiteElo "2602"]
[BlackElo "2723"]
[PlyCount "124"]

1. e4 e5 2. Nf3 Nc6 3. Bc4 Bc5 4. b4 Bxb4 5. c3 Ba5 6. d4 d6 7. Qb3 Qd7 8. O-O
Bb6 9. Nbd2 Na5 10. Qc2 Nxc4 11. Nxc4 Qc6 12. Nxb6 axb6 13. dxe5 dxe5 14. Nxe5
Qa4 15. Qd3 Nf6 16. Bg5 O-O 17. Bxf6 gxf6 18. Nf3 c5 19. e5 Qf4 20. Rfe1 Be6 21.
Re4 Qh6 22. Qb5 f5 23. Rh4 Qg6 24. c4 Ra3 25. Rh3 Ra5 26. Qxb6 f4 27. Rh4 Ra6
28. Qxb7 Rfa8 29. Rxf4 Rxa2 30. Qxa8+ Rxa8 31. Rxa8+ Kg7 32. h4 h6 33. Ra5 Qc2
34. g3 Qc1+ 35. Kh2 Qf1 36. Nd2 Qe1 37. Ra2 Qxe5 38. Ne4 Bf5 39. f3 Bg6 40. Kg2
h5 41. Nf2 Bf5 42. Rd2 Be6 43. Ne4 Bxc4 44. Nd6 Be6 45. Ne8+ Kg6 46. Nf6 c4 47.
Ne4 Kg7 48. Rc2 Bd5 49. Nc3 Be6 50. Ne4 Bd5 51. Nc3 Be6 52. Re4 Qd6 53. Rce2 Qd3
54. R4e3 Qf5 55. Re5 Qd3 56. R5e3 Qf5 57. Ne4 Qh3+ 58. Kg1 Bd5 59. Nc3 Be6 60.
Re5 Kf8 61. Ne4 f5 62. Rh2 1-0

[Event "World Rapid 2023"]
[Site "Samarkand UZB"]
[Date "2023.12.28"]
[EventDate "2023.12.26"]
[Round "10.5"]
[Result "1-0"]
[White "Santosh Gujrathi Vidit"]
[Black "Anton Korobov"]
[WhiteElo "2737"]
[BlackElo "2672"]
[PlyCount "72"]

1. Nf3 d5 2. d4 e6 3. c4 Nd7 4. Nc3 Ngf6 5. cxd5 exd5 6. Bg5 c6 7. Qc2 Be7 8. e3
Nh5 9. Bxe7 Qxe7 10. O-O-O Nb6 11. Ne5 g6 12. Kb1 Bf5 13. Bd3 Ng7 14. Ka1 f6 15.
Nf3 O-O-O 16. Qb3 Bxd3 17. Rxd3 Nf5 18. Rc1 Kb8 19. Na4 Nxa4 20. Qxa4 Nd6 21.
Nd2 Rhe8 22. Nb3 Qc7 23. Nc5 Re7 24. Rb3 Ka8 25. g3 Rc8 26. Qb4 h5 27. h4 g5 28.
Rh1 Rh8 29. Ra3 Ne4 30. Qa4 Qb8 31. Qc2 Nxc5 32. Qxc5 Re4 33. b4 gxh4 34. gxh4
Rc8 35. Qb6 a6 36. Rxa6+ 1-0

[Event "World Rapid 2023"]
[Site "Samarkand UZB"]
[Date "2023.12.28"]
[EventDate "2023.12.26"]
[Round "10.8"]
[Result "0-1"]
[White "Subramaniyam H Bharath"]
[Black "Dmitry Andreikin"]
[WhiteElo "2504"]
[BlackElo "2729"]
[PlyCount "76"]

1. Nf3 d5 2. g3 c6 3. Bg2 Bg4 4. d4 Nd7 5. O-O e6 6. c4 Ngf6 7. h3 Bh5 8. Qb3
Qb6 9. Nc3 Be7 10. c5 Qa6 11. Bf4 b6 12. cxb6 axb6 13. e4 O-O 14. Ne5 Nxe5 15.
Bxe5 Nd7 16. Bf4 Bf6 17. Bd6 Rfe8 18. g4 Bg6 19. Rfd1 h6 20. a4 Be7 21. Bxe7
Rxe7 22. Qa3 Ree8 23. e5 c5 24. Nb5 Rec8 25. Bf1 Qa5 26. Nd6 Rc7 27. Bb5 cxd4
28. b4 Qa7 29. a5 bxa5 30. Bxd7 Rxd7 31. bxa5 Bc2 32. Rd2 d3 33. a6 Qd4 34. Nb5
Qxe5 35. Qa5 h5 36. a7 hxg4 37. hxg4 Rb7 38. Kg2 d4 0-1

[Event "World Rapid 2023"]
[Site "Samarkand UZB"]
[Date "2023.12.28"]
[EventDate "2023.12.26"]
[Round "10.9"]
[Result "1/2-1/2"]
[White "Ian Nepomniachtchi"]
[Black "Anton Guijarro, David"]
[WhiteElo "2771"]
[BlackElo "2670"]
[PlyCount "130"]

1. e4 c6 2. d4 d5 3. Nc3 dxe4 4. Nxe4 Nf6 5. Nxf6+ exf6 6. Be3 Bd6 7. Bd3 Na6 8.
a3 Nc7 9. c4 O-O 10. Ne2 Re8 11. O-O g6 12. Qd2 Ne6 13. Rad1 Ng7 14. Ng3 Bg4 15.
f3 Be6 16. Ne4 Be7 17. Bf2 f5 18. Nc5 Bc8 19. Bb1 Bg5 20. Qc3 Bf6 21. Nd3 Ne6
22. Ne5 Qc7 23. Rfe1 Bd7 24. d5 cxd5 25. cxd5 Qxc3 26. bxc3 Nf8 27. f4 Rac8 28.
c4 Ba4 29. Rc1 b6 30. Bc2 Bxe5 31. Bxa4 Bxf4 32. Bxe8 Bxc1 33. Re7 Bxa3 34.
Bxf7+ Kg7 35. Rxa7 Rxc4 36. Be8+ Kf6 37. Bxb6 Bd6 38. g3 Rb4 39. Be3 Rb8 40.
Rf7+ Ke5 41. Bc6 Ke4 42. Bf4 Bxf4 43. gxf4 Kxf4 44. Re7 Rd8 45. Kf2 g5 46. Ke2
h5 47. Rg7 Rd6 48. Kd3 Ng6 49. Kd4 Ne5 50. Kc5 Rd8 51. d6 h4 52. d7 g4 53. Kd6
Rb8 54. Kc7 Nxd7 55. Bxd7 Rb2 56. Rf7 Rxh2 57. Rxf5+ Ke3 58. Re5+ Kd4 59. Rg5 g3
60. Bc6 Ke3 61. Rg4 Kf2 62. Rf4+ Ke3 63. Rg4 Kf2 64. Rf4+ Kg1 65. Rg4 Kf2 1/2-1/2

[Event "World Rapid 2023"]
[Site "Samarkand UZB"]
[Date "2023.12.28"]
[EventDate "2023.12.26"]
[Round "10.10"]
[Result "1/2-1/2"]
[White "Levon Aronian"]
[Black "Xiangyu Xu"]
[WhiteElo "2723"]
[BlackElo "2623"]
[PlyCount "50"]

1. c4 Nf6 2. Nc3 e5 3. g3 Bc5 4. d3 c6 5. Nf3 d6 6. Bg2 O-O 7. O-O Bg4 8. h3
Bxf3 9. Bxf3 a5 10. e3 Re8 11. d4 Ba7 12. Bg2 Na6 13. a3 Rc8 14. dxe5 dxe5 15.
b4 Qe7 16. c5 Bb8 17. Qb3 e4 18. Ra2 Qe6 19. Qxe6 Rxe6 20. Na4 axb4 21. axb4
Nxb4 22. Rb2 Nd3 23. Rxb7 Be5 24. Ra7 Rb8 25. Bd2 1/2-1/2

[Event "World Rapid 2023"]
[Site "Samarkand UZB"]
[Date "2023.12.28"]
[EventDate "2023.12.26"]
[Round "10.11"]
[Result "1/2-1/2"]
[White "Maxim Matlakov"]
[Black "Fabiano Caruana"]
[WhiteElo "2670"]
[BlackElo "2794"]
[PlyCount "146"]

1. d4 d5 2. c4 c6 3. Nf3 Nf6 4. e3 Bg4 5. Qb3 Qc7 6. Ne5 e6 7. Nxg4 Nxg4 8. Be2
Nf6 9. Nc3 Nbd7 10. Bd2 Bd6 11. Rc1 dxc4 12. Qxc4 a6 13. h3 O-O 14. O-O e5 15.
Qb3 exd4 16. exd4 Rad8 17. Bf3 h6 18. Rfe1 Qb6 19. Qxb6 Nxb6 20. Ne4 Nxe4 21.
Rxe4 Nd5 22. g3 Kh7 23. Kg2 g6 24. h4 Kg7 25. Re2 Bb4 26. Bc3 Bd6 27. Ba5 Rc8
28. a3 h5 29. Rec2 Ne7 30. d5 c5 31. Bb6 Nf5 32. b4 c4 33. Rxc4 Rxc4 34. Rxc4
Kf6 35. Be4 Be5 36. Bxf5 Kxf5 37. Kf3 Re8 38. a4 f6 39. b5 axb5 40. axb5 Ra8 41.
Bc7 Ra3+ 42. Kg2 Rb3 43. b6 Rb5 44. Kf3 Rxd5 45. Bxe5 fxe5 46. Rc7 e4+ 47. Ke2
Rb5 48. Rxb7 Rb3 49. Rb8 Kg4 50. b7 Kh3 51. Kd2 Kg2 52. Kc2 Rb6 53. Kc3 Rb1 54.
Kd4 Rb4+ 55. Ke3 Kg1 56. Rg8 Rxb7 57. Rxg6 Rb3+ 58. Kxe4 Kxf2 59. Kf5 Rf3+ 60.
Kg5 Kxg3 61. Kxh5+ Kh3 62. Rd6 Ra3 63. Rd5 Rb3 64. Rf5 Ra3 65. Re5 Rb3 66. Rc5
Ra3 67. Rb5 Rc3 68. Re5 Ra3 69. Re4 Ra5+ 70. Kg6 Ra6+ 71. Kf5 Ra5+ 72. Re5 Rxe5+
73. Kxe5 Kxh4 1/2-1/2

[Event "World Rapid 2023"]
[Site "Samarkand UZB"]
[Date "2023.12.28"]
[EventDate "2023.12.26"]
[Round "10.12"]
[Result "0-1"]
[White "Maksim Chigaev"]
[Black "Nodirbek Abdusattorov"]
[WhiteElo "2621"]
[BlackElo "2727"]
[PlyCount "112"]

1. e4 c5 2. Nf3 Nc6 3. Nc3 e6 4. d4 cxd4 5. Nxd4 Nf6 6. Ndb5 d6 7. Bf4 e5 8. Bg5
a6 9. Na3 b5 10. Nab1 Be7 11. Bxf6 Bxf6 12. a4 b4 13. Nd5 Bg5 14. Bc4 O-O 15.
O-O Rb8 16. Nd2 Na5 17. Bd3 Nc6 18. Nb3 a5 19. Qe2 Kh8 20. Rad1 Be6 21. Bb5 Na7
22. Bc4 Bd7 23. Ne3 Bxa4 24. Nf5 Nc8 25. Ra1 Bxb3 26. Bxb3 g6 27. Ne3 Bxe3 28.
fxe3 Rb7 29. Rf3 Kg7 30. Qf2 Ra7 31. Rf1 Qe7 32. Rf6 a4 33. Ba2 a3 34. bxa3 bxa3
35. g4 d5 36. g5 Nd6 37. Qh4 h5 38. gxh6+ Kh7 39. exd5 Ne8 40. d6 Nxd6 41. Qb4
Nf5 42. Qxe7 Rxe7 43. Ra6 Nxe3 44. Rf2 f5 45. Rxa3 Ng4 46. Rd2 e4 47. h3 Ne5 48.
Rd6 Rc8 49. Bb3 e3 50. Re6 Rce8 51. Ra7 Rxa7 52. Rxe8 Ra1+ 53. Kg2 e2 54. Rxe5
e1=Q 55. Rxe1 Rxe1 56. Kf2 Rc1 0-1

[Event "World Rapid 2023"]
[Site "Samarkand UZB"]
[Date "2023.12.28"]
[EventDate "2023.12.26"]
[Round "10.13"]
[Result "1-0"]
[White "Alexander Grischuk"]
[Black "Sergey Grigoriants"]
[WhiteElo "2732"]
[BlackElo "2544"]
[PlyCount "60"]

1. d4 Nf6 2. c4 e6 3. Nc3 Bb4 4. e3 O-O 5. Bd3 d5 6. cxd5 exd5 7. a3 Bd6 8. Qc2
c5 9. dxc5 Bxc5 10. h3 Nc6 11. Nf3 Be6 12. b4 Be7 13. Bb2 Rc8 14. Qd2 Qd7 15.
O-O Rfd8 16. Rfd1 Bxh3 17. gxh3 Qxh3 18. Nh2 d4 19. Ne4 Ng4 20. Nxg4 Qxg4+ 21.
Ng3 Ne5 22. Be2 Qg6 23. Bxd4 Bh4 24. Qe1 Ng4 25. Bxg4 Qxg4 26. Qe2 Qh3 27. Qf3
g6 28. Bf6 Re8 29. Bxh4 Qxh4 30. Rd7 1-0

[Event "World Rapid 2023"]
[Site "Samarkand UZB"]
[Date "2023.12.28"]
[EventDate "2023.12.26"]
[Round "10.14"]
[Result "1-0"]
[White "Giga Quparadze"]
[Black "Andrey Esipenko"]
[WhiteElo "2491"]
[BlackElo "2702"]
[PlyCount "116"]

1. e4 e5 2. Nf3 Nc6 3. Bb5 a6 4. Ba4 Nf6 5. O-O Be7 6. Re1 b5 7. Bb3 O-O 8. a4
Rb8 9. axb5 axb5 10. d3 d6 11. c3 Bd7 12. h3 h6 13. d4 Ra8 14. Na3 Re8 15. Bd2
Qb8 16. Qc2 Bf8 17. Qd3 Na5 18. Ba2 c5 19. d5 b4 20. cxb4 cxb4 21. Nc2 b3 22.
Bxa5 Rxa5 23. Bxb3 Rxa1 24. Nxa1 Nh5 25. Rc1 Nf4 26. Qd2 Be7 27. Bc4 Rf8 28. Nb3
Bd8 29. Nbd4 Nxh3+ 30. gxh3 exd4 31. Nxd4 Qb6 32. Nf3 Bxh3 33. Bf1 Bg4 34. Rc6
Qb8 35. Qf4 Bd7 36. Qxd6 Qb7 37. Rc4 Qa7 38. Ne5 Bb5 39. Qc5 Qa6 40. Rc1 Bxf1
41. Rxf1 Qe2 42. Qe3 Qxb2 43. Nc4 Qa2 44. Qd3 Bh4 45. e5 Rc8 46. Ne3 Qb2 47. Qf5
Re8 48. Ng4 Qd4 49. e6 fxe6 50. Qg6 Kf8 51. dxe6 Qf4 52. Ne5 Ra8 53. Qg2 Qxe5
54. Qxa8+ Ke7 55. Rd1 Qg5+ 56. Kh1 Qh5 57. Qd8+ Kxe6 58. Qd7+ 1-0

[Event "World Rapid 2023"]
[Site "Samarkand UZB"]
[Date "2023.12.28"]
[EventDate "2023.12.26"]
[Round "10.15"]
[Result "0-1"]
[White "Arseniy Nesterov"]
[Black "Sarin Nihal"]
[WhiteElo "2584"]
[BlackElo "2688"]
[PlyCount "64"]

1. d4 Nf6 2. Nf3 g6 3. g3 c5 4. c4 cxd4 5. Nxd4 h5 6. h4 Nc6 7. Bg2 Bg7 8. O-O
O-O 9. Nc3 Ng4 10. e3 d6 11. Nxc6 bxc6 12. Bxc6 Rb8 13. Bg2 Bxc3 14. bxc3 Qa5
15. e4 Be6 16. Re1 Rfc8 17. Bg5 f6 18. Be3 Nxe3 19. Rxe3 Rxc4 20. Rb1 Rxb1 21.
Qxb1 Kf7 22. Qb2 Rc6 23. a3 Rb6 24. Qc1 Rb3 25. Rf3 Qxa3 26. Qh6 Rb1+ 27. Kh2
Qc1 28. Qh7+ Ke8 29. Qxg6+ Kd8 30. g4 hxg4 31. Re3 Qg1+ 32. Kg3 Rb2 0-1

[Event "World Rapid 2023"]
[Site "Samarkand UZB"]
[Date "2023.12.28"]
[EventDate "2023.12.26"]
[Round "10.16"]
[Result "1-0"]
[White "Jakhongir Vakhidov"]
[Black "Van Foreest, Jorden"]
[WhiteElo "2599"]
[BlackElo "2679"]
[PlyCount "72"]

1. c4 e6 2. g3 d5 3. Bg2 Nf6 4. Nf3 Be7 5. d4 O-O 6. Nc3 c6 7. O-O Nbd7 8. Qd3
b6 9. b3 Ba6 10. Rd1 Rc8 11. Bb2 Bb4 12. a3 Bxc3 13. Qxc3 Qe7 14. Rac1 Rfd8 15.
Qe3 Ne4 16. Nd2 Nd6 17. g4 Bb7 18. h3 Re8 19. a4 h6 20. c5 Ne4 21. Bxe4 dxe4 22.
Nxe4 Rb8 23. Nd6 Red8 24. Nxb7 Rxb7 25. d5 Nxc5 26. dxc6 Rxd1+ 27. Rxd1 Rc7 28.
Rc1 a5 29. b4 axb4 30. a5 Rxc6 31. axb6 f6 32. Bd4 b3 33. Rxc5 b2 34. Qb3 Rxc5
35. Bxc5 Qxc5 36. b7 1-0

[Event "World Rapid 2023"]
[Site "Samarkand UZB"]
[Date "2023.12.28"]
[EventDate "2023.12.26"]
[Round "10.17"]
[Result "0-1"]
[White "David Paravyan"]
[Black "Peter Svidler"]
[WhiteElo "2612"]
[BlackElo "2689"]
[PlyCount "82"]

1. e4 e5 2. Nf3 Nc6 3. Bc4 Bc5 4. c3 Nf6 5. d3 d6 6. a4 a5 7. Bg5 h6 8. Bh4 Bb6
9. Nbd2 Ne7 10. Bxf6 gxf6 11. d4 Ng6 12. Nf1 f5 13. exf5 Bxf5 14. Ne3 Be4 15.
Bd5 Bxd5 16. Nxd5 Ba7 17. Qc2 c6 18. Ne3 Qf6 19. Qf5 Qxf5 20. Nxf5 O-O-O 21.
O-O-O Kc7 22. dxe5 dxe5 23. Rxd8 Kxd8 24. g3 Kd7 25. Rd1+ Ke6 26. g4 Bc5 27. Nd2
Rd8 28. Ne4 Rxd1+ 29. Kxd1 Bf8 30. Ne3 b5 31. b3 Nf4 32. Kd2 Nd5 33. axb5 cxb5
34. Nf5 a4 35. c4 Nc7 36. cxb5 a3 37. Kc2 Nxb5 38. b4 Kd5 39. Nc5 Bxc5 40. bxc5
Nd4+ 41. Nxd4 exd4 0-1

[Event "World Rapid 2023"]
[Site "Samarkand UZB"]
[Date "2023.12.28"]
[EventDate "2023.12.26"]
[Round "10.18"]
[Result "1-0"]
[White "Richard Rapport"]
[Black "Alan Pichot"]
[WhiteElo "2731"]
[BlackElo "2651"]
[PlyCount "164"]

1. g3 Nf6 2. Bg2 d5 3. Nf3 c5 4. O-O e6 5. d3 Nc6 6. a4 Be7 7. Na3 O-O 8. Bf4 b6
9. e4 Bb7 10. e5 Nd7 11. Re1 a6 12. h4 b5 13. axb5 axb5 14. Nxb5 Qb6 15. Nc3
Qxb2 16. Nxd5 Rxa1 17. Qxa1 Qxa1 18. Nxe7+ Nxe7 19. Rxa1 Ra8 20. Rxa8+ Bxa8 21.
h5 Bd5 22. c4 Bc6 23. g4 h6 24. Kh2 Kf8 25. Kg3 Ke8 26. Bh3 Ba4 27. d4 Bc2 28.
Bf1 Be4 29. Nd2 Bc2 30. dxc5 Nc6 31. Be3 Ndxe5 32. f4 Nd3 33. Ne4 Ndb4 34. Nd6+
Ke7 35. Bg2 Bd3 36. Bd2 f6 37. g5 Be2 38. Kh4 Kd7 39. gxh6 gxh6 40. f5 exf5 41.
Bxh6 Nd3 42. Nxf5 Nde5 43. Bf4 Bxc4 44. h6 Ke6 45. Bh3 Bd3 46. Nd6+ Kd5 47. Be3
Ne7 48. Kg3 Ng8 49. Bg2+ Ke6 50. Ne4 Nxh6 51. Bxh6 Kd5 52. Nxf6+ Kxc5 53. Bf8+
Kd4 54. Bg7 Kc5 55. Kf4 Ng6+ 56. Ke3 Nh4 57. Bf8+ Kc4 58. Bd5+ Kc3 59. Ne4+ Kc2
60. Nc5 Bh7 61. Kf2 Kc3 62. Bg7+ Kb4 63. Ne4 Nf5 64. Bf8+ Kb5 65. Bf7 Kc6 66.
Ng5 Nd6 67. Bxd6 Bf5 68. Bf4 Kc5 69. Ke3 Kc6 70. Kd4 Bg4 71. Bd5+ Kb5 72. Bd6
Kb6 73. Nf7 Bd7 74. Ne5 Bf5 75. Nc4+ Kb5 76. Bc5 Bg6 77. Nd6+ Ka5 78. Bc6 Ka6
79. Kc3 Ka5 80. Nc4+ Ka6 81. Kb4 Bh7 82. Nd6 1-0

[Event "World Rapid 2023"]
[Site "Samarkand UZB"]
[Date "2023.12.28"]
[EventDate "2023.12.26"]
[Round "10.19"]
[Result "1-0"]
[White "Vladislav Artemiev"]
[Black "Evgeniy Najer"]
[WhiteElo "2711"]
[BlackElo "2663"]
[PlyCount "96"]

1. Nf3 d5 2. g3 g6 3. Bg2 Bg7 4. d4 Nf6 5. O-O O-O 6. c4 c6 7. Ne5 Ng4 8. cxd5
cxd5 9. Bf4 Nxe5 10. Bxe5 Bxe5 11. dxe5 Nc6 12. Qxd5 Qb6 13. Qb3 Qxb3 14. axb3
Nxe5 15. Nc3 Rd8 16. Rfd1 Be6 17. Bxb7 Rxd1+ 18. Rxd1 Rb8 19. Bd5 Bxd5 20. Rxd5
Nc6 21. Rb5 Rxb5 22. Nxb5 f5 23. Kf1 Kf7 24. Ke1 Ke6 25. Kd2 Kd5 26. Kc3 g5 27.
b4 f4 28. gxf4 gxf4 29. Nc7+ Kd6 30. Nb5+ Kd5 31. f3 e5 32. Nc7+ Kd6 33. Na6 Nd4
34. Kd3 Kc6 35. Nc5 Kb5 36. Nd7 Nc6 37. Kc3 h6 38. h4 h5 39. Nf6 Nd4 40. Nxh5
Nf5 41. Nf6 Nxh4 42. Ng4 Ng6 43. Kb3 Nh4 44. Nxe5 Nf5 45. Kc3 Ng3 46. Kd3 a6 47.
Ng6 Nh5 48. Ke4 1-0